Statistiques concernant Eurovision: Top 3 par années

Cliquez ici pour prendre le quiz!

Statistiques générales

  • Ce quiz a été pris 844 fois
  • Le résultat moyen est 34 sur 37

Statistiques - réponses

Réponse% Correct
France
100%
Suède
99%
Espagne
98%
Portugal
98%
Italie
97%
Norvège
97%
Russie
97%
Allemagne
96%
Finlande
96%
Irlande
96%
Israël
96%
Suisse
96%
Ukraine
96%
Danemark
95%
Pays-Bas
95%
Autriche
94%
Belgique
94%
Royaume-Uni
94%
Grèce
93%
Yougoslavie
93%
Estonie
92%
Luxembourg
92%
Serbie
91%
Serbie-et-Monténégro
91%
Chypre
90%
Turquie
90%
Bulgarie
89%
Lettonie
89%
Pologne
88%
Islande
87%
Australie
86%
Roumanie
86%
Malte
82%
Moldavie
82%
Monaco
81%
Azerbaïdjan
79%
Bosnie-Herzégovine
68%

Distribution des résultats

Percentile par nombre de réponses

% des personnes avec chaque résultat

Votre développement - résultats

Vous n’avez pas pris ce quiz